LIBRARY & INFORMATION CENTRE, KCAET, TAVANUR

ONLINE PUBLIC ACCESS CATALOGUE (OPAC)

Agronomy Basic and Applied (Record no. 14283)

MARC details
000 -LEADER
fixed length control field 00297nam a22001217a 4500
020 ## - INTERNATIONAL STANDARD BOOK NUMBER
ISBN 8189304879
082 ## - DEWEY DECIMAL CLASSIFICATION NUMBER
Classification number 630.21
Item number GEJ/AG
100 ## - MAIN ENTRY--AUTHOR NAME
Personal name Gajendra singh Tomar
245 ## - TITLE STATEMENT
Title Agronomy Basic and Applied
260 ## - PUBLICATION, DISTRIBUTION, ETC. (IMPRINT)
Place of publication Delhi
Name of publisher Satish Serial Publishing House
Year of publication 2010
300 ## - PHYSICAL DESCRIPTION
Number of Pages 673
942 ## - ADDED ENTRY ELEMENTS (KOHA)
Koha item type Books
Holdings
Withdrawn status Lost status Damaged status Collection code Home library Current library Shelving location Date acquired Source of acquisition Cost, normal purchase price Full call number Accession Number Koha item type
        KAUAET KAUAET General Stacks 13/06/2016 Universal Research Books, Thrissur 1450.00 630.21 GEJ/AG 24273 Books
free website counter